Statistics for Southampton Best Scorer By Year

Click here to take the quiz!

General Stats

  • This quiz has been taken 208 times
    (178 since last reset)
  • The average score is 7 of 26

Answer Stats

Player% Correct
Danny Ings
85%
James Ward-Prowse
71%
Matt Le Tissier
69%
Sadio Mané
67%
Rickie Lambert
52%
Graziano Pellè
50%
James Beattie
41%
David Armstrong
32%
Nathan Redmond
29%
Alan Shearer
27%
Jay Rodriguez
24%
Charlie Austin
23%
Mick Channon
19%
Ron Davies
16%
Kevin Keegan
15%
Marians Pahars
15%
Peter Crouch
13%
Danny Wallace
11%
Rodney Wallace
11%
Egil Østenstad
8%
Steve Moran
8%
Neil Shipperley
5%
Nick Holmes
5%
Colin Clarke
4%
Joe Jordan
3%
Phil Boyer
2%

Score Distribution

Percentile by Number Answered

Percent of People with Each Score

Your Score History

You have not taken this quiz since the last reset